[Event "LJEM M-V 2023 u14"]
[Site "Fleether Mühle"]
[Date "2023.02.07"]
[Round "5.2"]
[White "Grundmann, Max"]
[Black "Brandt, Mattis"]
[Result "0-1"]
[WhiteElo "1284"]
[BlackElo "1323"]
[Time "08:30:00"]
[WhiteTeam "Think Rochade - SC HRO"]
[BlackTeam "Greifswalder SV"]

1.d4 d5 2.c4 dxc4 3.Nc3 Nf6 4.Bg5 Nc6 5.e3 Bf5 6.Bxc4 e6 7.Nge2 Bd6 8.Bd3 
Bg6 9.a3 Be7 10.O-O Bxd3 11.Qxd3 e5 12.Rfd1 exd4 13.Nxd4 Ne5 14.Qb5+ Nfd7 
15.Bxe7 Qxe7 16.Qxb7 O-O 17.Qxc7 Rfc8 18.Qa5 Nc4 19.Qa6 Nxb2 20.Rdc1 Nb6 
21.Nce2 Rc4 22.Rab1 Rac8 23.Rxc4 N2xc4 24.Nb5 Nxe3 25.Qxa7 Qe4 26.Nbc3 
Qxg2# 0-1

[Event "LJEM M-V 2023 u14"]
[Site "Fleether Mühle"]
[Date "2023.02.07"]
[Round "5.3"]
[White "Stepanjan, Tatevik Mia"]
[Black "Peilert, Maximilian"]
[Result "0-1"]
[WhiteElo "1128"]
[BlackElo "1317"]
[Time "08:30:00"]
[WhiteTeam "ESV 1888 Wittenberge"]
[BlackTeam "Think Rochade - SC HRO"]

1.e4 c6 2.d4 d5 3.e5 c5 4.c3 Nc6 5.Nf3 Bg4 6.Be2 e6 7.h3 Bh5 8.Bf4 Qb6 9.
Qd2 Bxf3 10.dxc5 Bxc5 11.Bxf3 a5 12.O-O Nge7 13.Re1 Ng6 14.Bg3 O-O-O 15.
Bh5 Kb8 16.a3 d4 17.c4 Qb3 18.Bxg6 hxg6 19.Rc1 Rh5 20.Kh1 a4 21.Qe2 d3 22.
Qd2 Bd4 23.Nc3 Bxe5 24.Bxe5+ Nxe5 25.Qf4 d2 26.Rd1 Qxb2 27.Ne4 Rf5 28.Qg3 
Rd3 29.f3 Ka8 30.Nc5 Rc3 31.Nxa4 Qxa1 32.Nxc3 Qxc3 33.Qf2 Nxc4 34.Kh2 Ne3 
35.Rxd2 Qc7+ 36.g3 Nc4 37.Rc2 Rc5 38.a4 b6 39.h4 Ne5 40.Rxc5 Qxc5 41.Qe2 
Kb7 42.Qe4+ Qd5 43.Qe3 Nxf3+ 44.Kh3 Ne5 45.Qf4 Qh1# 0-1

[Event "LJEM M-V 2023 u14"]
[Site "Fleether Mühle"]
[Date "2023.02.07"]
[Round "5.4"]
[White "Wellßow, Lio Keanu"]
[Black "Pommerehnke, Marla"]
[Result "1/2-1/2"]
[WhiteElo "1131"]
[BlackElo "1155"]
[Time "08:30:00"]
[WhiteTeam "HSG Stralsund"]
[BlackTeam "TuS Makkabi Rostock"]

1.d4 Nf6 2.c4 g6 3.Nf3 Bg7 4.Nc3 d6 5.e3 O-O 6.Be2 Nbd7 7.O-O Qe8 8.b3 e5 
9.a4 exd4 10.Nxd4 Nc5 11.Ba3 b6 12.b4 Nce4 13.Nxe4 Nxe4 14.Qc2 Bb7 15.Bf3 
c5 16.Nb5 Qe7 17.Nc7 Qxc7 18.Bxe4 Bxe4 19.Qxe4 Bxa1 20.Rxa1 Rae8 21.Qf4 
Qe7 22.bxc5 dxc5 23.Bb2 f6 24.a5 Rd8 1/2-1/2

[Event "LJEM M-V 2023 u14"]
[Site "Fleether Mühle"]
[Date "2023.02.07"]
[Round "5.5"]
[White "Briese, Paul"]
[Black "Tank, Julian"]
[Result "1-0"]
[WhiteElo "1310"]
[BlackElo "1080"]
[Time "08:30:00"]
[WhiteTeam "SAV Torgelow-Drögeheide 90"]
[BlackTeam "Think Rochade - SC HRO"]

1.e4 e5 2.Nf3 Nc6 3.Bc4 Bc5 4.c3 h6 5.d4 exd4 6.cxd4 Be7 7.Nc3 d6 8.h3 Nf6
9.Be3 O-O 10.O-O b6 11.Bb5 Bb7 12.d5 Ne5 13.Bd4 Ned7 14.Re1 a6 15.Bxd7 
Qxd7 16.Qd3 Rfe8 17.Nd2 c5 18.Bxf6 Bxf6 19.Qg3 Be5 20.f4 Bd4+ 21.Kh1 Bf6 
22.Nf3 Qd8 23.Rad1 a5 24.e5 dxe5 25.fxe5 Be7 26.d6 Bf8 27.Nb5 Rb8 28.Nc7 
Qd7 29.Nxe8 Rxe8 30.Qg4 Re6 31.Nh4 Qc6 32.d7 Be7 33.d8=Q+ Bxd8 34.Rxd8+ 
Kh7 35.Qf5+ Rg6 36.Qxf7 h5 37.Rd6 Rxd6 38.exd6 Qxd6 39.Qxh5+ Qh6 40.Qxh6+ 
Kxh6 41.Re6+ Kh5 42.Nf3 b5 43.Rb6 Bd5 44.Rxb5 Bxa2 45.Rxc5+ Kh6 46.Rxa5 
Bb3 47.Rb5 Bc4 48.Rb8 g5 49.b4 Bd5 50.b5 Kh5 51.b6 g4 52.hxg4+ Kxg4 53.b7 
Bxb7 54.Rxb7 Kg3 55.Rf7 Kg4 56.Nd4 Kg3 57.Kg1 Kg4 58.Kf2 Kg5 59.Ke3 Kg4 
60.Rg7+ Kh5 61.Kf4 Kh6 62.Ne6 Kh5 63.g4+ Kh6 64.g5+ Kh5 65.g6 Kh6 66.Kf5 
Kh5 67.Rh7# 1-0

[Event "LJEM M-V 2023 u14"]
[Site "Fleether Mühle"]
[Date "2023.02.07"]
[Round "5.6"]
[White "Janssen, Julika"]
[Black "Chandrasekher, Ritu"]
[Result "1/2-1/2"]
[WhiteElo "1251"]
[BlackElo "1268"]
[Time "08:30:00"]
[WhiteTeam "TuS Makkabi Rostock"]
[BlackTeam "TuS Makkabi Rostock"]

1.d4 d5 2.Nf3 Nf6 3.Bf4 c5 4.c3 Qb6 5.Qc1 Nc6 6.e3 Bf5 7.Be2 e6 8.O-O Be7 
9.Nbd2 O-O 10.Ne5 Nxe5 11.Bxe5 Ng4 12.Bg3 cxd4 13.exd4 Bg5 14.h3 Bxd2 15.
Qxd2 Nf6 16.Be5 Ne4 17.Qc1 f6 18.Bf4 Bg6 19.Bd1 e5 20.Be3 Qd6 21.Bf3 f5 
22.dxe5 Qxe5 23.Bd4 Qe7 24.Qf4 a6 25.Rfe1 b5 26.Bd1 Rfe8 27.Bb3 Qd7 28.f3 
Nf6 29.Rad1 Nh5 30.Qh4 Qc6 1/2-1/2

[Event "LJEM M-V 2023 u14"]
[Site "Fleether Mühle"]
[Date "2023.02.07"]
[Round "5.7"]
[White "Garde, Edgar Emil"]
[Black "Lieb, Levente"]
[Result "1-0"]
[WhiteElo "1113"]
[BlackElo "857"]
[Time "08:30:00"]
[WhiteTeam "TuS Makkabi Rostock"]
[BlackTeam "ESV 1888 Wittenberge"]

1.d4 d5 2.Bf4 c6 3.c4 Qb6 4.b3 Nf6 5.Nf3 Bf5 6.e3 e6 7.Nbd2 Bb4 8.a3 Bc3 
9.Ra2 Bg4 10.Be2 Bxd2+ 11.Nxd2 Bxe2 12.Qxe2 O-O 13.O-O Nbd7 14.b4 dxc4 15.
Nxc4 Qb5 16.a4 Qxb4 17.Bd6 Qb3 18.Bxf8 Rxf8 19.Qc2 Qb4 20.Rb2 Qe7 21.f4 b6
22.Rf3 h6 23.Ne5 c5 24.Nxd7 Nxd7 25.f5 exf5 26.Qxf5 cxd4 27.exd4 Qe1+ 28.
Rf1 Qe3+ 29.Kh1 Qxd4 30.Rc2 Qf6 31.Qxf6 Nxf6 32.Rf4 Nd5 33.Rd4 Re8 34.h3 
Nf6 35.Rcd2 Kh7 36.Rd8 Re7 37.g4 Kg6 38.Kg2 Kg5 39.Kf3 Kh4 40.Rd1 Rc7 41.
g5 hxg5 42.Rh8+ Nh5 43.Rd4+ 1-0

[Event "LJEM M-V 2023 u14"]
[Site "Fleether Mühle"]
[Date "2023.02.07"]
[Round "5.8"]
[White "Stigge, Konrad"]
[Black "Tadewaldt, Stanley Fiete"]
[Result "0-1"]
[WhiteElo "880"]
[BlackElo "880"]
[Time "08:30:00"]
[WhiteTeam "SSC Rostock 07"]
[BlackTeam "SAV Torgelow-Drögeheide 90"]

1.e4 c6 2.d4 d5 3.exd5 cxd5 4.Nf3 Bf5 5.Nc3 e6 6.Bb5+ Nc6 7.Ne5 Rc8 8.Qe2 
Nf6 9.Bg5 Be7 10.Bxf6 Bxf6 11.O-O O-O 12.Rfe1 Bxe5 13.dxe5 a6 14.Bd3 Bxd3 
15.Qxd3 Qc7 16.Qg3 Nd4 17.Qd3 Nc6 18.Qg3 f6 19.exf6 Rxf6 20.Re3 d4 21.Ne4 
Qxg3 22.Nxf6+ gxf6 23.Rxg3+ Kf7 24.Re1 Ne7 25.c3 Nf5 26.Rd3 Rd8 27.cxd4 
Nxd4 28.f3 Ne2+ 29.Rxe2 Rxd3 30.Rc2 b5 31.Rc7+ Kg6 32.Ra7 Rd2 33.Rxa6 Rxb2
34.Rxe6 Rxa2 35.Kf1 b4 36.Ke1 b3 37.Kd1 Ra1+ 38.Kd2 b2 0-1

[Event "LJEM M-V 2023 u14"]
[Site "Fleether Mühle"]
[Date "2023.02.07"]
[Round "5.9"]
[White "Tsiple, Dragos"]
[Black "Eschrig, Immanuel"]
[Result "0-1"]
[WhiteElo "959"]
[BlackElo "1448"]
[Time "08:30:00"]
[WhiteTeam "SG Eintracht Neubrandenburg"]
[BlackTeam "Greifswalder SV"]

1.e4 e5 2.Nf3 Nc6 3.d4 exd4 4.Nxd4 Bc5 5.Be3 Qf6 6.c3 Nge7 7.Nxc6 Bxe3 8.
fxe3 Nxc6 9.Nd2 O-O 10.Bd3 Re8 11.Rf1 Qh4+ 12.g3 Qxh2 13.Qf3 Ne5 14.Qf5 d6
15.Qg5 Nxd3+ 16.Kd1 Nxb2+ 17.Kc2 Nc4 18.Qb5 Qxd2+ 19.Kb3 Qb2+ 20.Kxc4 Be6+
21.Kd3 Qxb5+ 22.Kd2 Qb2+ 23.Kd3 b5 24.Rfb1 Bc4+ 0-1

[Event "LJEM M-V 2023 u14"]
[Site "Fleether Mühle"]
[Date "2023.02.07"]
[Round "6.1"]
[White "Peilert, Maximilian"]
[Black "Herrmann, Jakob"]
[Result "0-1"]
[WhiteElo "1317"]
[BlackElo "1974"]
[Time "14:30:00"]
[WhiteTeam "Think Rochade - SC HRO"]
[BlackTeam "SAV Torgelow-Drögeheide 90"]

1.e4 c6 2.d4 d5 3.f3 e6 4.c3 dxe4 5.Bc4 Bd6 6.Be3 exf3 7.Qxf3 Nf6 8.Nh3 
Nbd7 9.O-O O-O 10.Ng5 h6 11.Ne4 Nxe4 12.Qxe4 Nf6 13.Qh4 Nd5 14.Qxd8 Rxd8 
15.Bd2 c5 16.Rf2 Be7 17.Bxd5 Rxd5 18.Be3 cxd4 19.cxd4 b6 20.Nc3 Rd8 21.
Raf1 Bf6 22.Kh1 Bb7 23.Nb5 Ba6 24.a4 Bxb5 25.axb5 Rac8 26.Rf3 Rd7 27.Bxh6 
Bxd4 28.Rg3 Be5 29.Rg5 f6 30.Rg4 f5 31.Rg6 Kf7 0-1

[Event "LJEM M-V 2023 u14"]
[Site "Fleether Mühle"]
[Date "2023.02.07"]
[Round "6.2"]
[White "Natsagdorj, Zelme"]
[Black "Brandt, Mattis"]
[Result "1/2-1/2"]
[WhiteElo "1048"]
[BlackElo "1323"]
[Time "14:30:00"]
[WhiteTeam "SC Mecklenburger Springer"]
[BlackTeam "Greifswalder SV"]

1.e4 c5 2.Nf3 e6 3.d4 cxd4 4.Nxd4 a6 5.c4 Qc7 6.Nc3 Nf6 7.Be3 Bb4 8.f3 b5 
9.Qb3 Ba5 10.cxb5 d5 11.Bd3 e5 12.O-O exd4 13.Bxd4 Bb6 14.Bxb6 Qxb6+ 15.
Kh1 O-O 16.exd5 Nbd7 17.Be4 Nc5 18.Qc2 Ncxe4 19.Nxe4 axb5 20.Nxf6+ Qxf6 
21.a3 Bb7 22.Rfd1 Rac8 23.Qb3 Rc5 24.Rd3 Rd8 25.Rad1 Qd6 26.h3 Bxd5 27.Qb4
Qc6 28.Qa5 Rb8 29.Qd2 Rc2 30.Qg5 h6 1/2-1/2

[Event "LJEM M-V 2023 u14"]
[Site "Fleether Mühle"]
[Date "2023.02.07"]
[Round "6.3"]
[White "Wellßow, Lio Keanu"]
[Black "Briese, Paul"]
[Result "1-0"]
[WhiteElo "1131"]
[BlackElo "1310"]
[Time "14:30:00"]
[WhiteTeam "HSG Stralsund"]
[BlackTeam "SAV Torgelow-Drögeheide 90"]

1.d4 Nf6 2.c4 g6 3.Nf3 Bg7 4.Nc3 O-O 5.e3 c5 6.Be2 d6 7.O-O Nc6 8.b3 a6 9.
a4 Nb4 10.Na2 Bf5 11.Nxb4 cxb4 12.a5 b6 13.axb6 Qxb6 14.c5 dxc5 15.dxc5 
Qxc5 16.Rxa6 Rxa6 17.Bxa6 Bc2 18.Qd4 Qa5 19.Bc4 Rd8 20.Qe5 Qxe5 21.Nxe5 e6
22.Nc6 Rd6 23.Nxb4 Rb6 24.Nxc2 1-0

[Event "LJEM M-V 2023 u14"]
[Site "Fleether Mühle"]
[Date "2023.02.07"]
[Round "6.4"]
[White "Garde, Edgar Emil"]
[Black "Grundmann, Max"]
[Result "0-1"]
[WhiteElo "1113"]
[BlackElo "1284"]
[Time "14:30:00"]
[WhiteTeam "TuS Makkabi Rostock"]
[BlackTeam "Think Rochade - SC HRO"]

1.d4 Nf6 2.Nf3 e6 3.Bf4 d5 4.e3 c5 5.c3 cxd4 6.cxd4 Nc6 7.a3 Bd6 8.Ne5 Qc7
9.Bb5 O-O 10.Bxc6 bxc6 11.Qe2 a5 12.Qf3 Nd7 13.Qg3 f6 14.Bh6 Nxe5 15.dxe5 
Bxe5 16.f4 Bd6 17.O-O Kh8 18.Qh4 gxh6 19.Nc3 Qg7 20.Rf3 Rf7 21.Ne2 c5 22.
Raf1 Ba6 23.R1f2 Bxe2 24.Rxe2 f5 25.Rd2 Rb8 26.Rff2 Be7 27.Qh5 Qg6 28.Qh3 
h5 29.e4 fxe4 30.a4 Rb4 31.b3 Qf5 32.Qxf5 Rxf5 33.Rb2 Bf6 34.Rb1 Bd4 35.g3
Bxf2+ 36.Kxf2 Kg7 37.Ke3 c4 38.Kd4 cxb3+ 39.Kc3 d4+ 40.Kd2 Rc5 0-1

[Event "LJEM M-V 2023 u14"]
[Site "Fleether Mühle"]
[Date "2023.02.07"]
[Round "6.5"]
[White "Tadewaldt, Stanley Fiete"]
[Black "Janssen, Julika"]
[Result "0-1"]
[WhiteElo "880"]
[BlackElo "1251"]
[Time "14:30:00"]
[WhiteTeam "SAV Torgelow-Drögeheide 90"]
[BlackTeam "TuS Makkabi Rostock"]

1.e4 e5 2.Nf3 Nc6 3.Bc4 Bc5 4.c3 Nf6 5.d4 exd4 6.e5 Ne4 7.O-O dxc3 8.Bd5 
Nd2 9.Bxd2 cxb2 10.Bc3 bxa1=Q 11.Bxa1 O-O 12.Qd3 Ne7 13.Bb3 Ng6 14.Qc3 Be7
15.Nbd2 d5 16.h3 Be6 17.Bc2 c5 18.Qb2 Qc8 19.h4 Bxh4 20.Bxg6 Bxf2+ 21.Rxf2
hxg6 22.Ng5 Qd7 23.Ndf3 d4 24.Nxe6 fxe6 25.Rc2 b6 26.Qb3 Rf5 27.Nh4 Rg5 
28.Re2 Rf8 29.Qd3 Qf7 30.Re1 Rg4 31.g3 c4 32.Qd1 Rxg3+ 33.Kh2 Qf2+ 34.Kh1 
Rh3# 0-1

[Event "LJEM M-V 2023 u14"]
[Site "Fleether Mühle"]
[Date "2023.02.07"]
[Round "6.6"]
[White "Chandrasekher, Ritu"]
[Black "Pommerehnke, Marla"]
[Result "1-0"]
[WhiteElo "1268"]
[BlackElo "1155"]
[Time "14:30:00"]
[WhiteTeam "TuS Makkabi Rostock"]
[BlackTeam "TuS Makkabi Rostock"]

1.e4 e5 2.Nf3 Nc6 3.Bc4 Bc5 4.c3 Nf6 5.d3 h6 6.O-O a6 7.Bb3 d6 8.Nbd2 Bg4 
9.h3 Bh5 10.Re1 O-O 11.Nf1 Bg6 12.Ng3 Re8 13.Nh4 Bh7 14.Nhf5 Ne7 15.Nxh6+ 
gxh6 16.Bxh6 Ng6 17.Bg5 d5 18.exd5 Be7 19.d6 cxd6 20.Qf3 Rf8 21.Qxb7 Qd7 
22.Qf3 Rac8 23.Bxf6 Bxf6 24.Qxf6 1-0

[Event "LJEM M-V 2023 u14"]
[Site "Fleether Mühle"]
[Date "2023.02.07"]
[Round "6.7"]
[White "Lieb, Levente"]
[Black "Stepanjan, Tatevik Mia"]
[Result "0-1"]
[WhiteElo "857"]
[BlackElo "1128"]
[Time "14:30:00"]
[WhiteTeam "ESV 1888 Wittenberge"]
[BlackTeam "ESV 1888 Wittenberge"]

1.d4 d5 2.Nf3 Nf6 3.Bf4 Bf5 4.c3 e6 5.Qb3 Qc8 6.e3 a6 7.Be2 Be7 8.Nbd2 O-O
9.O-O c5 10.c4 Nc6 11.dxc5 Bxc5 12.cxd5 Nxd5 13.Bg5 Bg6 14.Rac1 Bd6 15.e4 
Nc7 16.Nc4 Bc5 17.e5 Nd5 18.Nd6 Bxd6 19.exd6 Qd7 20.Qa3 Ncb4 21.Be7 Nxe7 
22.Qxb4 Nd5 23.Qa3 Rfd8 24.Qb3 b5 25.Ng5 Qxd6 26.Rfd1 Qe5 27.Nh3 Qxe2 28.
Re1 Qg4 29.f3 Qd4+ 30.Nf2 Rac8 31.Qa3 Ra8 32.Rc6 Nb4 33.Rd1 Qf4 34.h3 
Rxd1+ 35.Nxd1 Nxc6 36.Nc3 h6 37.Qc5 Nd4 38.Qb6 Qe3+ 0-1

[Event "LJEM M-V 2023 u14"]
[Site "Fleether Mühle"]
[Date "2023.02.07"]
[Round "6.8"]
[White "Eschrig, Immanuel"]
[Black "Tank, Julian"]
[Result "1-0"]
[WhiteElo "1448"]
[BlackElo "1080"]
[Time "14:30:00"]
[WhiteTeam "Greifswalder SV"]
[BlackTeam "Think Rochade - SC HRO"]

1.e4 e5 2.Nf3 Nc6 3.Nc3 g6 4.Bc4 Bg7 5.d3 Nf6 6.Bg5 d6 7.Qe2 h6 8.Bd2 g5 
9.O-O-O Bg4 10.h3 Nd4 11.Qe3 Bh5 12.g4 Nxf3 13.Qxf3 Bg6 14.Qg3 c6 15.a3 a6
16.h4 gxh4 17.Rxh4 Nd7 18.Rdh1 Qe7 19.Kb1 Nc5 20.Bxh6 Bxh6 21.g5 O-O-O 22.
gxh6 Rh7 23.f4 exf4 24.Qxf4 Rf8 25.Qg4+ Kb8 26.Qg3 Ka8 27.Re1 Nd7 28.Ne2 
Rg8 29.Rhh1 Ne5 30.Bb3 Qe8 31.Qf4 c5 32.Bd5 Qb5 33.Nc3 Qd7 34.Reg1 Rf8 35.
Ne2 Qc7 36.d4 Nd7 37.c3 Nb6 38.Rxg6 Nxd5 39.exd5 Qe7 40.Qxd6 Qe4+ 41.Ka2 
Qxg6 42.Qxf8+ Ka7 43.Qxc5+ Ka8 44.Qf8+ Ka7 45.Nf4 Qf5 46.d6 Qxf4 47.d7 Qf5
48.Qc5+ Qxc5 49.dxc5 Rh8 50.h7 Kb8 51.Rd1 Rd8 52.h8=Q Rxh8 53.d8=Q+ Rxd8 
54.Rxd8+ Kc7 55.Rf8 Kc6 56.Rxf7 Kxc5 57.Kb3 b5 58.Rf4 a5 59.Kc2 a4 60.b4+ 
axb3+ 61.Kxb3 Kb6 62.Kb4 Ka6 63.Rf6+ Kb7 64.Kc5 Ka7 65.Rb6 b4 66.Rxb4 Ka6 
67.a4 Ka5 68.Kc6 Ka6 69.a5 Kxa5 70.Rb7 Ka6 71.Rb1 Ka7 72.c4 Ka8 73.Kc7 Ka7
74.Ra1# 1-0

[Event "LJEM M-V 2023 u14"]
[Site "Fleether Mühle"]
[Date "2023.02.07"]
[Round "6.9"]
[White "Asmussen, Henry"]
[Black "Tsiple, Dragos"]
[Result "0-1"]
[WhiteElo "1192"]
[BlackElo "959"]
[Time "14:30:00"]
[WhiteTeam "HSG Stralsund"]
[BlackTeam "SG Eintracht Neubrandenburg"]

1.e4 d5 2.f3 Nf6 3.Nc3 dxe4 4.fxe4 e5 5.Nf3 Bg4 6.Be2 Nc6 7.d3 Nh5 8.Bg5 
f6 9.Bh4 Nf4 10.Bf1 Bxf3 11.Qxf3 Nd4 12.Qd1 Bb4 13.a3 Bxc3+ 14.bxc3 Nb5 
15.Qd2 Qd7 16.c4 Qd4 17.Rb1 Nc3 18.Bf2 Nxb1 19.Qb4 Qa1 20.Be3 Qc3+ 21.Qxc3
Nxc3 22.Bd2 Nb1 23.Bb4 a5 24.Bd2 Nxd2 25.Kxd2 g6 26.g3 Nh5 27.c3 O-O-O 28.
Ke3 c5 29.Be2 b6 30.Rd1 Rd6 31.d4 cxd4+ 32.cxd4 exd4+ 33.Rxd4 Rxd4 34.Kxd4
Rd8+ 35.Ke3 Re8 36.Bxh5 gxh5 37.h4 f5 38.Kf4 fxe4 39.Ke3 Rg8 40.Ke2 Rxg3 
41.Kf2 Rxa3 42.c5 bxc5 43.Ke2 c4 44.Kd2 Rh3 45.Kc2 Rxh4 46.Kd2 Rg4 47.Ke2 
a4 48.Kf2 a3 49.Ke2 a2 50.Kd2 a1=R 51.Kc2 Ra3 52.Kd2 Rg2+ 53.Kd1 Ra1# 0-1

[Event "LJEM M-V 2023 u14"]
[Site "Fleether Mühle"]
[Date "2023.02.08"]
[Round "7.1"]
[White "Herrmann, Jakob"]
[Black "Grundmann, Max"]
[Result "1-0"]
[WhiteElo "1974"]
[BlackElo "1284"]
[Time "08:30:00"]
[WhiteTeam "SAV Torgelow-Drögeheide 90"]
[BlackTeam "Think Rochade - SC HRO"]

1.e4 c5 2.Ne2 Nc6 3.Nbc3 g6 4.d3 Bg7 5.Be3 d6 6.Qd2 Nf6 7.h3 O-O 8.g4 h5 
9.g5 Nd7 10.Bg2 e5 11.O-O Nb6 12.Kh2 Be6 13.Ng3 Nd4 14.Nd5 Nxd5 15.exd5 
Bd7 16.c3 Nf5 17.Nxf5 Bxf5 18.f4 exf4 19.Bxf4 Re8 20.Rae1 Qd7 21.h4 Rad8 
22.Bg3 b6 23.Be4 Bg4 24.Rf6 Bxf6 25.gxf6 Kh7 26.Qg5 Re5 27.Bxe5 dxe5 28.
Qxe5 Qd6 29.Qxd6 Rxd6 30.Rf1 Kh6 31.Kg3 g5 32.c4 Bd7 33.b4 cxb4 34.d4 Bc8 
35.c5 Rd8 36.d6 Re8 37.Re1 gxh4+ 38.Kf4 Re6 39.d5 Rxf6+ 40.Ke5 Rf2 41.c6 
Bg4 42.d7 1-0

[Event "LJEM M-V 2023 u14"]
[Site "Fleether Mühle"]
[Date "2023.02.08"]
[Round "7.2"]
[White "Brandt, Mattis"]
[Black "Chandrasekher, Ritu"]
[Result "0-1"]
[WhiteElo "1323"]
[BlackElo "1268"]
[Time "08:30:00"]
[WhiteTeam "Greifswalder SV"]
[BlackTeam "TuS Makkabi Rostock"]

1.d4 d5 2.Nf3 Nf6 3.e3 c5 4.c3 e6 5.Bd3 Nc6 6.Nbd2 Bd6 7.O-O O-O 8.dxc5 
Bxc5 9.e4 dxe4 10.Nxe4 Nxe4 11.Bxe4 h6 12.Qc2 Qf6 13.b3 Bd7 14.Bb2 a6 15.
c4 Qe7 16.Qc3 f5 17.Bc2 Rad8 18.Rfe1 Bb4 19.Qe3 Bxe1 20.Rxe1 Nb4 21.Ba3 a5
22.Qb6 Ra8 23.Bb1 Bc6 24.Ne5 Qd6 25.Nxc6 bxc6 26.Bxb4 axb4 27.c5 Qd2 28.
Kf1 Rfe8 29.Qxc6 Rac8 30.Qb5 Qc3 31.Bxf5 Qxc5 32.Qxc5 Rxc5 33.Bxe6+ Kf8 
34.Bc4 Rxe1+ 35.Kxe1 Ra5 36.Ke2 Rxa2+ 37.Kf3 Ke7 38.g4 Kf6 39.h4 Rc2 40.
Bg8 Ke5 41.Kg3 g5 42.f3 Rc3 43.hxg5 hxg5 44.Kf2 Kf4 45.Bd5 Rc2+ 46.Ke1 Ke3
47.Kd1 Rd2+ 0-1

[Event "LJEM M-V 2023 u14"]
[Site "Fleether Mühle"]
[Date "2023.02.08"]
[Round "7.3"]
[White "Natsagdorj, Zelme"]
[Black "Wellßow, Lio Keanu"]
[Result "0-1"]
[WhiteElo "1048"]
[BlackElo "1131"]
[Time "08:30:00"]
[WhiteTeam "SC Mecklenburger Springer"]
[BlackTeam "HSG Stralsund"]

1.e4 e6 2.d4 d5 3.Nc3 c5 4.e5 Qb6 5.Be3 Qxb2 6.Na4 Qb4+ 7.c3 Qa5 8.Qc2 Nc6
9.Nf3 b6 10.Rb1 Ba6 11.Bxa6 Qxa6 12.dxc5 b5 13.Nb2 Qxa2 14.O-O Qa5 15.Ra1 
Qc7 16.Nd3 Nge7 17.Rfe1 Ng6 18.Bd4 Be7 19.Qb2 Rb8 20.Nd2 O-O 21.f4 f6 22.
g3 Rb7 23.Nf3 Na5 24.exf6 Bxf6 25.Rxe6 Nc4 26.Qe2 a5 27.Ra6 Qe7 28.Qa2 
Bxd4+ 29.Nxd4 Qe3+ 30.Nf2 Qxc3 31.Rd1 Ne3 32.Rb1 Qxd4 33.c6 Rc7 34.Qxa5 
Rfc8 35.Qxb5 Qc4 36.Qxc4 dxc4 37.Re1 Nd5 38.Rd1 Nb4 39.Ra4 Nxc6 40.Rxc4 
Nce7 41.Re4 Rc1 42.Ree1 Rxd1 43.Rxd1 Nf5 44.Re1 Nd4 45.Kg2 Rc2 46.Rd1 Nf5 
47.Re1 Kf7 48.Rg1 Nge7 49.Re1 Nc6 50.g4 Nfe7 51.Kg3 Rc3+ 52.Kg2 Ng6 53.f5 
Nh4+ 54.Kf1 Nf3 55.Rd1 Nxh2+ 56.Kg2 Nf3 57.Rd7+ Ne7 58.Ne4 Nh4+ 59.Kf2 
Rc2+ 60.Kg3 Ke8 61.Rd2 Nhxf5+ 62.gxf5 Rxd2 63.Nxd2 Nxf5+ 64.Kf4 Ne7 65.Nf3
Kf7 66.Ng5+ Kg6 67.Kg4 h5+ 68.Kf4 Nd5+ 69.Kg3 Kxg5 70.Kh3 Nf4+ 71.Kg3 h4+ 
72.Kh2 Kg4 73.Kg1 g5 74.Kh2 Nd5 75.Kh1 Kf3 76.Kh2 g4 77.Kg1 g3 78.Kh1 h3 
79.Kg1 h2+ 80.Kf1 h1=R# 0-1

[Event "LJEM M-V 2023 u14"]
[Site "Fleether Mühle"]
[Date "2023.02.08"]
[Round "7.4"]
[White "Janssen, Julika"]
[Black "Peilert, Maximilian"]
[Result "1/2-1/2"]
[WhiteElo "1251"]
[BlackElo "1317"]
[Time "08:30:00"]
[WhiteTeam "TuS Makkabi Rostock"]
[BlackTeam "Think Rochade - SC HRO"]

1.d4 d5 2.Nf3 Nf6 3.Bf4 Bf5 4.e3 e6 5.Be2 Bd6 6.Bg3 O-O 7.O-O c5 8.c3 Nc6 
9.Nbd2 Rc8 10.Re1 Bxg3 11.hxg3 Qb6 12.Qc1 Ne4 13.Nxe4 Bxe4 14.Nd2 Bg6 15.
Nb3 cxd4 16.exd4 Qd8 17.Qf4 Rc7 18.Rad1 Re7 19.Bf3 Na5 20.Nxa5 Qxa5 21.Qh4
f6 22.a3 Qb5 23.Rd2 Rfe8 24.Rde2 e5 25.Bg4 e4 26.Bh5 Qd7 27.Bxg6 hxg6 28.
Qf4 f5 29.f3 Qc7 30.Qg5 Kf7 31.g4 Qd7 32.Qf4 exf3 33.Qxf3 Rxe2 34.Rxe2 
Rxe2 35.Qxe2 fxg4 36.Qf2+ Qf5 37.Qg3 Qb1+ 38.Kh2 Qxb2 39.Qc7+ Kg8 40.Qd8+ 
Kh7 41.Qh4+ 1/2-1/2

[Event "LJEM M-V 2023 u14"]
[Site "Fleether Mühle"]
[Date "2023.02.08"]
[Round "7.5"]
[White "Stepanjan, Tatevik Mia"]
[Black "Eschrig, Immanuel"]
[Result "1/2-1/2"]
[WhiteElo "1128"]
[BlackElo "1448"]
[Time "08:30:00"]
[WhiteTeam "ESV 1888 Wittenberge"]
[BlackTeam "Greifswalder SV"]

1.e4 e5 2.Nf3 Nc6 3.Nc3 Nf6 4.Bb5 Bc5 5.d3 d6 6.h3 Bd7 7.Bg5 h6 8.Bh4 g5 
9.Bg3 Qe7 10.Qd2 O-O-O 11.a3 Rdg8 12.Bxc6 Bxc6 13.O-O-O Rd8 14.Kb1 Rhf8 
15.h4 g4 16.Nh2 h5 17.f3 gxf3 18.Nxf3 Ng4 19.Rde1 f5 20.Nh2 Ne3 21.Nf1 f4 
22.Nxe3 Bxe3 23.Qe2 Rg8 24.Rh3 Rxg3 25.Rxg3 fxg3 26.Qxe3 Qxh4 27.Rf1 a6 
28.Ne2 Rg8 29.Qh6 Re8 30.Qg6 Qg4 31.Qxg4+ hxg4 32.Nxg3 Bd7 33.Rf6 Kd8 34.
Nf5 Bxf5 35.Rxf5 Rg8 36.Kc1 Ke7 37.Kd2 Ke6 38.c4 c6 39.Ke3 d5 40.c5 d4+ 
41.Kd2 a5 42.a4 Rg7 43.b3 Rf7 44.Rxf7 Kxf7 45.Ke2 Ke6 46.Kf2 Kf6 47.Kg3 
Kg5 48.Kf2 Kf4 49.g3+ Kg5 50.Ke2 Kf6 51.Kd2 Ke7 52.Kc2 Kd7 53.Kb2 Kc7 54.
Ka3 Kb8 55.b4 axb4+ 56.Kxb4 Ka8 57.Kc4 Ka7 58.Kb3 Kb8 59.Kb4 Ka8 60.Ka5 
Ka7 61.Kb4 Ka6 62.Kb3 Ka7 63.Ka3 Ka8 64.Kb4 1/2-1/2

[Event "LJEM M-V 2023 u14"]
[Site "Fleether Mühle"]
[Date "2023.02.08"]
[Round "7.6"]
[White "Briese, Paul"]
[Black "Garde, Edgar Emil"]
[Result "1-0"]
[WhiteElo "1310"]
[BlackElo "1113"]
[Time "08:30:00"]
[WhiteTeam "SAV Torgelow-Drögeheide 90"]
[BlackTeam "TuS Makkabi Rostock"]

1.e4 e5 2.Nf3 Nc6 3.Bc4 Nf6 4.d4 exd4 5.e5 Ng4 6.Bxf7+ Kxf7 7.Ng5+ Ke8 8.
Qxg4 Qe7 9.O-O g6 10.Qg3 Bg7 11.Nf3 Bxe5 12.Nxe5 Nxe5 13.f4 Rf8 14.fxe5 
Rxf1+ 15.Kxf1 b6 16.Bg5 Qb4 17.Qa3 Ba6+ 18.Qxa6 Qxb2 19.Qa3 Qxa1 20.Qe7# 
1-0

[Event "LJEM M-V 2023 u14"]
[Site "Fleether Mühle"]
[Date "2023.02.08"]
[Round "7.7"]
[White "Pommerehnke, Marla"]
[Black "Tadewaldt, Stanley Fiete"]
[Result "0-1"]
[WhiteElo "1155"]
[BlackElo "880"]
[Time "08:30:00"]
[WhiteTeam "TuS Makkabi Rostock"]
[BlackTeam "SAV Torgelow-Drögeheide 90"]

1.d4 d5 2.Nf3 e6 3.Bf4 f5 4.e3 Nf6 5.h3 Bd6 6.Bh2 O-O 7.c3 Ne4 8.Nbd2 Nd7 
9.Bxd6 Nxd6 10.Be2 Ne4 11.Nxe4 fxe4 12.Nd2 Qf6 13.O-O c6 14.Nb3 e5 15.f3 
Nb6 16.fxe4 Qg6 17.Rxf8+ Kxf8 18.Bg4 Bxg4 19.Qxg4 Qh6 20.Qf5+ Kg8 21.Qf2 
Rf8 22.Qe2 Nc4 23.Re1 Qg5 24.Nd2 Nxd2 25.Qxd2 Rf6 26.Re2 Qh4 27.exd5 exd4 
28.exd4 cxd5 29.Qe1 Qxe1+ 30.Rxe1 Rb6 31.b3 Rc6 32.Rc1 b5 33.b4 h5 34.Kf2 
g5 35.Ke3 Kf7 36.Kd3 Ra6 37.Ra1 Kf6 38.Kc2 Kf5 39.Kb3 g4 40.hxg4+ Kxg4 41.
Re1 Rd6 42.a4 a6 43.axb5 axb5 44.Kc2 Kg3 45.Re2 Rg6 46.Re5 h4 47.Rxd5 Kxg2
48.Rh5 h3 49.Rxh3 Kxh3 0-1

[Event "LJEM M-V 2023 u14"]
[Site "Fleether Mühle"]
[Date "2023.02.08"]
[Round "7.8"]
[White "Tank, Julian"]
[Black "Tsiple, Dragos"]
[Result "0-1"]
[WhiteElo "1080"]
[BlackElo "959"]
[Time "08:30:00"]
[WhiteTeam "Think Rochade - SC HRO"]
[BlackTeam "SG Eintracht Neubrandenburg"]

1.d4 d5 2.Nf3 Bg4 3.h3 Bxf3 4.gxf3 Nc6 5.b3 e6 6.Bb2 Bb4+ 7.Nd2 Bxd2+ 8.
Qxd2 Nf6 9.e3 a6 10.c4 Qd6 11.c5 Qe7 12.Bd3 b6 13.b4 b5 14.Bc3 O-O 15.Bc2 
g6 16.h4 Nh5 17.e4 e5 18.dxe5 Nxe5 19.O-O-O dxe4 20.Bxe4 Rad8 21.Qe2 Rxd1+
22.Qxd1 Rd8 23.Qe2 f6 24.Rg1 Kg7 25.Bc2 Nf4 26.Qe4 Nfd3+ 27.Bxd3 Nxd3+ 28.
Kc2 Qxe4 29.fxe4 Nxf2 30.Re1 Re8 31.e5 fxe5 32.Rxe5 Kf7 33.Rd5 Re7 34.c6 
Ne4 35.Bb2 Ke6 36.Rd1 Nf2 37.Rf1 Ng4 38.Kd3 Re8 39.Rc1 Rd8+ 40.Ke4 Nf2+ 
41.Kf3 Nd3 42.Rc3 Nxb2 43.Rc2 Nc4 44.Rc1 Rd2 45.a4 bxa4 46.Rxc4 Rd3+ 47.
Ke4 Rh3 48.Rc2 Rxh4+ 49.Kf3 Rxb4 50.Ra2 Rb3+ 51.Kg4 a3 52.Kg5 Kd6 53.Kh6 
Kxc6 54.Kxh7 Rh3+ 55.Kxg6 Kb5 56.Kf5 Kb4 57.Re2 Kb3 58.Ke4 a2 59.Re1 Rh2 
60.Kf3 Rb2 61.Re3+ Ka4 62.Re4+ Rb4 63.Re1 Rb1 64.Re4+ Kb3 65.Re2 a1=Q 66.
Re3+ Qc3 67.Rxc3+ Kxc3 68.Ke2 a5 69.Ke3 a4 70.Ke2 a3 71.Ke3 a2 72.Ke2 a1=R
73.Ke3 Rd1 74.Ke2 Rd7 75.Kf2 Ra6 76.Kf3 Re6 77.Kf4 Rf7+ 78.Kg5 Re1 79.Kg6 
Rf2 80.Kg5 Rg1+ 81.Kh4 Rh2# 0-1

[Event "LJEM M-V 2023 u14"]
[Site "Fleether Mühle"]
[Date "2023.02.08"]
[Round "7.9"]
[White "Stigge, Konrad"]
[Black "Asmussen, Henry"]
[Result "1/2-1/2"]
[WhiteElo "880"]
[BlackElo "1192"]
[Time "08:30:00"]
[WhiteTeam "SSC Rostock 07"]
[BlackTeam "HSG Stralsund"]

1.e4 e5 2.Nf3 Nc6 3.Bc4 Bc5 4.c3 Nf6 5.d4 Bd6 6.Bb5 Nxe4 7.Bxc6 bxc6 8.
dxe5 Bc5 9.Qe2 d5 10.Be3 Bb6 11.Nbd2 Nxd2 12.Qxd2 O-O 13.Bg5 Qd7 14.Qf4 
Qg4 15.Qxg4 Bxg4 16.O-O-O Bxf2 17.Rhf1 h6 18.Bxh6 gxh6 19.Rxf2 Rfe8 20.Rd4
Bxf3 21.Rxf3 Rxe5 22.Rg4+ Rg5 23.Rff4 1/2-1/2